<?xml version="1.0" encoding="UTF-8"?>
<record
    xmlns:xsi="http://www.w3.org/2001/XMLSchema-instance"
    xsi:schemaLocation="http://www.loc.gov/MARC21/slim http://www.loc.gov/standards/marcxml/schema/MARC21slim.xsd"
    xmlns="http://www.loc.gov/MARC21/slim">

  <leader>01189nam0a22003011  4500</leader>
  <controlfield tag="001">v19\rc\1956962</controlfield>
  <controlfield tag="005">20250619211142.0</controlfield>
  <datafield tag="035" ind1=" " ind2=" ">
    <subfield code="a">(NLR Aleph) 005041217</subfield>
  </datafield>
  <datafield tag="090" ind1=" " ind2=" ">
    <subfield code="a">6795668</subfield>
    <subfield code="c">6795668</subfield>
  </datafield>
  <datafield tag="100" ind1=" " ind2=" ">
    <subfield code="a">20080428d1913    |||y0rusy50      ca</subfield>
  </datafield>
  <datafield tag="101" ind1="0" ind2=" ">
    <subfield code="a">rus</subfield>
  </datafield>
  <datafield tag="102" ind1=" " ind2=" ">
    <subfield code="a">RU</subfield>
  </datafield>
  <datafield tag="105" ind1=" " ind2=" ">
    <subfield code="a">y   z   |||||</subfield>
  </datafield>
  <datafield tag="200" ind1="1" ind2=" ">
    <subfield code="a">&#x41F;&#x43E;&#x43B;&#x43E;&#x432;&#x430;&#x44F; &#x43D;&#x435;&#x432;&#x440;&#x430;&#x441;&#x442;&#x435;&#x43D;&#x438;&#x44F; &#x438; &#x435;&#x435; &#x438;&#x437;&#x43B;&#x435;&#x447;&#x435;&#x43D;&#x438;&#x435;</subfield>
    <subfield code="e">&#x41F;&#x43E; &#x43F;&#x440;&#x43E;&#x444;. &#x41A;&#x440;&#x43E;&#x43D;&#x43C;&#x430;&#x439;&#x440;&#x443;</subfield>
  </datafield>
  <datafield tag="205" ind1=" " ind2=" ">
    <subfield code="a">[2-&#x435; &#x438;&#x437;&#x434;.]</subfield>
  </datafield>
  <datafield tag="210" ind1=" " ind2=" ">
    <subfield code="a">[&#x421;&#x430;&#x43D;&#x43A;&#x442;-&#x41F;&#x435;&#x442;&#x435;&#x440;&#x431;&#x443;&#x440;&#x433;</subfield>
    <subfield code="d">1913?]</subfield>
  </datafield>
  <datafield tag="215" ind1=" " ind2=" ">
    <subfield code="a">16 &#x441;.</subfield>
    <subfield code="d">22</subfield>
  </datafield>
  <datafield tag="300" ind1=" " ind2=" ">
    <subfield code="a">&#x417;&#x430;&#x433;&#x43B;. &#x43D;&#x430; &#x43A;&#x43E;&#x43B;.: &#x41F;&#x43E;&#x43B;&#x43E;&#x432;&#x430;&#x44F; &#x43D;&#x435;&#x432;&#x440;&#x430;&#x441;&#x442;&#x435;&#x43D;&#x438;&#x44F; &#x438; &#x43B;&#x435;&#x446;&#x438;&#x442;&#x430;&#x43B;&#x44C; &#x41C;&#x435;&#x434;&#x438;&#x43A;&#x43E;-&#x444;&#x430;&#x440;&#x43C;&#x430;&#x446;&#x435;&#x432;&#x442;&#x438;&#x447;&#x435;&#x441;&#x43A;&#x43E;&#x433;&#x43E; &#x442;&#x43E;&#x432;&#x430;&#x440;&#x438;&#x449;&#x435;&#x441;&#x442;&#x432;&#x430;</subfield>
  </datafield>
  <datafield tag="309" ind1=" " ind2=" ">
    <subfield code="a">&#x411;&#x435;&#x437; &#x442;&#x438;&#x442;. &#x43B;.</subfield>
  </datafield>
  <datafield tag="517" ind1="0" ind2=" ">
    <subfield code="a">&#x41F;&#x43E;&#x43B;&#x43E;&#x432;&#x430;&#x44F; &#x43D;&#x435;&#x432;&#x440;&#x430;&#x441;&#x442;&#x435;&#x43D;&#x438;&#x44F; &#x438; &#x43B;&#x435;&#x446;&#x438;&#x442;&#x430;&#x43B;&#x44C; &#x41C;&#x435;&#x434;&#x438;&#x43A;&#x43E;-&#x444;&#x430;&#x440;&#x43C;&#x430;&#x446;&#x435;&#x432;&#x442;&#x438;&#x447;&#x435;&#x441;&#x43A;&#x43E;&#x433;&#x43E; &#x442;&#x43E;&#x432;&#x430;&#x440;&#x438;&#x449;&#x435;&#x441;&#x442;&#x432;&#x430;</subfield>
  </datafield>
  <datafield tag="702" ind1=" " ind2="1">
    <subfield code="a">&#x41A;&#x440;&#x43E;&#x43D;&#x43C;&#x430;&#x439;</subfield>
    <subfield code="b">&#x420;.&#x426;.</subfield>
    <subfield code="4">100</subfield>
  </datafield>
  <datafield tag="712" ind1="0" ind2="2">
    <subfield code="a">&#x41C;&#x435;&#x434;&#x438;&#x43A;&#x43E;-&#x444;&#x430;&#x440;&#x43C;&#x430;&#x446;&#x435;&#x432;&#x442;&#x438;&#x447;&#x435;&#x441;&#x43A;&#x43E;&#x435; &#x442;&#x43E;&#x432;&#x430;&#x440;&#x438;&#x449;&#x435;&#x441;&#x442;&#x432;&#x43E;</subfield>
    <subfield code="c">&#x41F;&#x435;&#x442;&#x435;&#x440;&#x431;&#x443;&#x440;&#x433;</subfield>
  </datafield>
  <datafield tag="801" ind1=" " ind2="0">
    <subfield code="a">RU</subfield>
    <subfield code="b">NLR</subfield>
    <subfield code="g">psbo</subfield>
  </datafield>
  <datafield tag="801" ind1=" " ind2="0">
    <subfield code="a">RU</subfield>
    <subfield code="b">RuMoRGB</subfield>
    <subfield code="2">psbo</subfield>
  </datafield>
  <datafield tag="801" ind1=" " ind2="1">
    <subfield code="a">RU</subfield>
    <subfield code="b">ProSoft-M</subfield>
    <subfield code="2">rusmarc</subfield>
  </datafield>
  <datafield tag="852" ind1=" " ind2=" ">
    <subfield code="a">NLR</subfield>
    <subfield code="j">&#x41C;&#x434;16/&#x411;-6/1</subfield>
  </datafield>
  <datafield tag="942" ind1=" " ind2=" ">
    <subfield code="c">BOOK</subfield>
  </datafield>
  <datafield tag="980" ind1=" " ind2=" ">
    <subfield code="a">NB</subfield>
  </datafield>
  <datafield tag="995" ind1=" " ind2=" ">
    <subfield code="5">2013-10-26</subfield>
    <subfield code="b">NLR01</subfield>
    <subfield code="c">NLR01</subfield>
    <subfield code="e">TEMP</subfield>
    <subfield code="f">5041217-10</subfield>
    <subfield code="k">&#x41C;&#x434;16/&#x411;-6/1</subfield>
    <subfield code="o">0</subfield>
    <subfield code="r">BOOK</subfield>
    <subfield code="s">1661_</subfield>
  </datafield>
</record>
